Simple Calibration Technique for Phased Array Radar Systems; Progress In Electromagnetics Research M; Vol. 55

Detalhes bibliográficos
Parent link:Progress In Electromagnetics Research M
Vol. 55.— 2017.— [P. 109-119]
Autor Corporativo: Национальный исследовательский Томский политехнический университет (ТПУ) Институт кибернетики (ИК) Кафедра систем управления и мехатроники (СУМ)
Outros Autores: Babur G. P. Galina Petrovna, Manokhin G. O. Gleb Olegovich, Monastyrev E. A. Evgeny Aleksandrovich, Geltser A. A. Andrey Aleksandrovich, Shibelgut A. A. Aleksandr Andreevich
Resumo:Title screen
This paper presents a novel effective calibration technique applicable to phased array radars. The real embedded patterns of the array elements are measured independently in operating mode, taking antenna coupling and other parasitic effects into account. The proposed calibration technique requires minimal modification of the radar hardware. A set of angular-dependent error coefficients, which are compensated during the calibration process, are extracted for one received pulse for one/each angular direction of interest. The performance and effectiveness of the here-proposed calibration technique are assessed by means of modeling and experimental verification.
Idioma:inglês
Publicado em: 2017
Assuntos:
Acesso em linha:http://dx.doi.org/10.2528/PIERM16101203
Formato: Recurso Electrónico Capítulo de Livro
KOHA link:https://koha.lib.tpu.ru/cgi-bin/koha/opac-detail.pl?biblionumber=654568

MARC

LEADER 00000naa0a2200000 4500
001 654568
005 20250312143133.0
035 |a (RuTPU)RU\TPU\network\20204 
035 |a RU\TPU\network\20150 
090 |a 654568 
100 |a 20170504d2017 k||y0rusy50 ba 
101 0 |a eng 
102 |a US 
135 |a drcn ---uucaa 
181 0 |a i  
182 0 |a b 
200 1 |a Simple Calibration Technique for Phased Array Radar Systems  |f G. P. Babur [et al.] 
203 |a Text  |c electronic 
300 |a Title screen 
320 |a [References: p. 118-119 (15 tit.)] 
330 |a This paper presents a novel effective calibration technique applicable to phased array radars. The real embedded patterns of the array elements are measured independently in operating mode, taking antenna coupling and other parasitic effects into account. The proposed calibration technique requires minimal modification of the radar hardware. A set of angular-dependent error coefficients, which are compensated during the calibration process, are extracted for one received pulse for one/each angular direction of interest. The performance and effectiveness of the here-proposed calibration technique are assessed by means of modeling and experimental verification. 
461 |t Progress In Electromagnetics Research M 
463 |t Vol. 55  |v [P. 109-119]  |d 2017 
610 1 |a электронный ресурс 
610 1 |a труды учёных ТПУ 
610 1 |a калибровка 
610 1 |a радиолокационное оборудование 
610 1 |a моделирование 
610 1 |a электронные лучи 
610 1 |a радиосигналы 
701 1 |a Babur  |b G. P.  |g Galina Petrovna 
701 1 |a Manokhin  |b G. O.  |g Gleb Olegovich 
701 1 |a Monastyrev  |b E. A.  |g Evgeny Aleksandrovich 
701 1 |a Geltser  |b A. A.  |g Andrey Aleksandrovich 
701 1 |a Shibelgut  |b A. A.  |c specialist in the field of informatics and computer technology  |c Assistant of the Department of Tomsk Polytechnic University  |g Aleksandr Andreevich  |3 (RuTPU)RU\TPU\pers\38484 
712 0 2 |a Национальный исследовательский Томский политехнический университет (ТПУ)  |b Институт кибернетики (ИК)  |b Кафедра систем управления и мехатроники (СУМ)  |3 (RuTPU)RU\TPU\col\22617 
801 2 |a RU  |b 63413507  |c 20170504  |g RCR 
856 4 |u http://dx.doi.org/10.2528/PIERM16101203 
942 |c CF